|
|
|
|
| LEADER |
00000cam a2200000 7i4500 |
| 001 |
0000008416 |
| 005 |
20030123.0 |
| 020 |
|
|
|a 9839839853
|
| 040 |
|
|
|a INS
|
| 090 |
0 |
0 |
|a HD7287
|b A319 2000
|
| 100 |
1 |
|
|a Leong, Alan
|
| 245 |
1 |
0 |
|a Guide to condominiums & apartments in the Klang Valley
|c Alan Leong
|
| 260 |
|
|
|a Kuala Lumpur :
|b Leeds Publication ,
|c 2000
|
| 300 |
|
|
|a 280p. ;
|c 22cm.
|
| 650 |
0 |
0 |
|a Apartment houses
|z Selangor
|z Lembah Klang
|
| 650 |
0 |
0 |
|a Condominiums
|z Selangor
|z Lembah Klang
|
| 650 |
0 |
0 |
|a House buying
|z Selangor
|z Lembah Klang
|
| 999 |
|
|
|a 0000007942
|b BOOK
|c Open Shelf
|e Default branch
|
| 999 |
|
|
|a 0000022175
|b BOOK
|c Open Shelf
|e Default branch
|